Städte an der Nahe - Statistiken

Allgemein
  • Dieses Quiz wurde 27 mal gespielt
  • Das Durchschnittsergebnis liegt bei 3 aus 5
Antwortstatistiken
Bildquiz Antwort % Korrekt
Bad Kreuznach
96%
Bingen am Rhein
83%
Idar-Oberstein
75%
Bad Sobernheim
63%
Bad Münster am Stein-Ebernburg
29%
Keine übereinstimmenden Quizze gefunden
Verteilung der Resultate
Anzahl Personen mit jedem Resultat
Perzentil nach korrekt beantworteten Fragen
Ihre Resultats-Entwicklung
Sie haben dieses Quiz noch nicht gespielt